书目信息 |
| 题名: |
数据结构
|
|
| 作者: | 洪运国 编著 | |
| 分册: | ||
| 出版信息: | 上海 上海交通大学出版社 2016 |
|
| 页数: | 310页 | |
| 开本: | 26cm | |
| 丛书名: | ||
| 单 册: | ||
| 中图分类: | TP311.12 , TP312C | |
| 科图分类: | ||
| 主题词: | 数据结构--高等学校--教材 , C语言--程序设计--高等学校--教材 | |
| 电子资源: | ||
| ISBN: | 978-7-313-15217-6 | |
| 000 | 00730nam0 2200253 450 | |
| 001 | 5259 | |
| 005 | 20181014162353.66 | |
| 010 | @a978-7-313-15217-6@dCNY48.00 | |
| 100 | @a20170802e20172016em y0chiy50 ea | |
| 101 | 0 | @achi |
| 102 | @aCN@b310000 | |
| 105 | @aak z 000yy | |
| 200 | 1 | @a数据结构@9shu ju jie gou@eC语言版@f洪运国编著 |
| 210 | @a上海@c上海交通大学出版社@d2016@h2017重印 | |
| 215 | @a310页@c图@d26cm | |
| 300 | @a计算机精品教材 | |
| 517 | 1 | @aC语言版@9C yu yan ban |
| 606 | 0 | @a数据结构@x高等学校@j教材 |
| 606 | 0 | @aC语言@x程序设计@x高等学校@j教材 |
| 690 | @aTP311.12@v5 | |
| 690 | @aTP312C@v5 | |
| 701 | 0 | @a洪运国@9hong yun guo@4编著 |
| 801 | 0 | @aCN@b91MARC@c20170802 |
| 905 | @aMuseLib@dTP311.12@e1314 | |
| 数据结构:C语言版/洪运国编著.-上海:上海交通大学出版社,2016(2017重印) |
| 310页:图;26cm |
| 计算机精品教材 |
| ISBN 978-7-313-15217-6:CNY48.00 |
| ● |
| 相关链接 |
|
|
|
|
正题名:数据结构
索取号:TP311.12/1314
 
预约/预借
| 序号 | 登录号 | 条形码 | 馆藏地/架位号 | 状态 | 备注 |
| 1 | 1128859 | 211288596 | 第二样本阅览室/ [索取号:TP311.12/1314] | 在馆 | |
| 2 | 1128860 | 211288603 | 第三借阅区/ [索取号:TP311.12/1314] | 在馆 | |
| 3 | 1128861 | 211288612 | 第三借阅区/ [索取号:TP311.12/1314] | 在馆 | |
| 4 | 1128862 | 211288621 | 第三借阅区/ [索取号:TP311.12/1314] | 在馆 | |
| 5 | 1128863 | 211288630 | 第三借阅区/ [索取号:TP311.12/1314] | 在馆 |